000 00273 a2200121 4500
001 123054
020 _a9780545251099
040 _cEscola Canadense de Niteroi
100 _aJoão Ubaldo Ribeiro
245 1 0 _aSargento Getúlio
490 0 _aponto de leitura
942 _cBK
999 _c123054
_d123054